| 000 | 00610nam a2200181 a 4500 | ||
|---|---|---|---|
| 001 | 3077 | ||
| 003 | CDMR | ||
| 005 | 20151026134202.0 | ||
| 008 | 130130s1984||||||||||||||||||||||||||||d | ||
| 020 | _a8428313288 | ||
| 040 |
_aCDMR _bcat _cCDMR |
||
| 100 | 1 |
_aGutiérrez Palacio, Juan _92247 |
|
| 245 | 1 | 0 |
_aPeriodismo de opinión _b: redacción periodística : editorial, columna, artículo, crítica : selección de textos _cJuan Gutiérrez Palacio |
| 260 |
_aMadrid _c1984 _bParaninfo |
||
| 650 | 0 | 4 |
_93625 _aDiaris _vSeccions, columnes, etc _xOpinió |
| 650 | 0 | 4 |
_93772 _aPeriodisme--Manuals d'estil |
| 942 |
_cMON _2udc |
||
| 999 |
_c3077 _d3077 |
||